000 00201 a2200097 4500
001 11810
100 _aBerle, A.A.
245 _aTides of crisis
260 _a
_bMacmillan & Co
_c
090 _c9066
_d9066
942 _aNUST-CAE
_cM
_c35896
999 _c246883
_d246883